00350pab a2200121 454500008004000000100001900040245009700059260000900156300001300165362000800178650002500186773001700211180718b1998 xxu||||| |||| 00| 0 eng d aDonaldson, Lex aThe myth of paradigm incommensurability in management studies: comments by an integrationist c1998 ap.267-72 aMay aManagement education aOrganization